Dates historiques - Statistiques

Statistiques générales
  • Ce quiz a été pris 1 824 fois
  • Le résultat moyen est 11 sur 15
Statistiques - réponses
Description Année % Correct
Fin de la première guerre mondiale 1918
100%
Début de la seconde guerre mondiale 1939
99%
Une bombe atomique est larguée sur Hiroshima et Nagasaki 1945
92%
Donald Trump gagne l'élection américaine contre Hillary Clinton 2016
88%
Le mur de Berlin tombe 1989
87%
Donald Trump rentre en poste comme Président américain 2017
87%
Accidents terroristes des tours jumelles (World Trade Center) 2001
84%
La France capitule durant la seconde guerre mondiale 1940
83%
La France gagne la Coupe du Monde de soccer pour la 2e fois 2018
83%
Adolf Hitler devient chancelier d'Allemagne 1933
82%
L'URSS se décompose 1991
77%
Année de l'assassinat du Président américain John F. Kennedy 1963
65%
Coupe du Monde de soccer organisée en Afrique du Sud 2010
62%
Fin de la guerre de la Conquête (guerre des 7 ans) 1763
16%
Bataille des Plaines d'Abraham 1759
5%
Aucun quiz correspondant
Distribution des résultats
% des personnes avec chaque résultat
Percentile par nombre de réponses
Votre historique - résultats
Vous n’avez pas pris ce quiz